Chuyện tai tiếng ở miền Bôhêm Tập truyện
Đã lưu trong:
| Hovedforfatter: | |
|---|---|
| Format: | Bog |
| Udgivet: |
H,
Pháp lý
1987
|
| Fag: | |
| Tags: |
Tilføj Tag
Ingen Tags, Vær først til at tagge denne postø!
|
| Thư viện lưu trữ: | Trung tâm Học liệu Lê Vũ Hùng, Trường Đại học Đồng Tháp |
|---|
| LEADER | 00701pam a22002298a 4500 | ||
|---|---|---|---|
| 001 | 00020940 | ||
| 005 | 20171026081025.0 | ||
| 008 | 110520s1987 ||||||Viesd | ||
| 041 | 0 | # | |a Vie |
| 082 | 1 | # | |a 823 |b CH527T |
| 100 | 0 | # | |a Coonan Đoilơ |
| 245 | 0 | 0 | |a Chuyện tai tiếng ở miền Bôhêm |b Tập truyện |c Coonan Đoilơ |
| 260 | # | # | |a H, |b Pháp lý |c 1987 |
| 300 | # | # | |a 183 tr, |c 19cm |
| 650 | |a Anh | ||
| 650 | |a Văn học hiện đại | ||
| 653 | # | # | |a Truyện vừa |
| 852 | # | # | |b Kho đọc |j KD.0006992 |
| 852 | # | # | |j KD.0006992 |
| 910 | # | # | |a Hiếu |d 20/05/2011 |
| 980 | # | # | |a Trung tâm Học liệu Lê Vũ Hùng, Trường Đại học Đồng Tháp |